| 000 | 02413 a2200313 4500 | ||
|---|---|---|---|
| 003 | OSt | ||
| 005 | 20180116192356.0 | ||
| 008 | 120606t xxu||||| |||| 00| 0 eng d | ||
| 010 | _a 2009028451 | ||
| 020 | _a9781580932646 | ||
| 020 | _a1580932649 | ||
| 035 | _a(OCoLC)ocn303043857 | ||
| 040 | _c0 | ||
| 082 | 0 | 0 | _a720 |
| 100 | 1 |
_aGoldberger, Paul. _94049 |
|
| 245 | 1 | 0 |
_aBuilding up and tearing down : _breflections on the age of architecture / _cPaul Goldberger. |
| 250 | _a1st ed. | ||
| 260 |
_aNew York : _bMonacelli Press, _cc2009. |
||
| 300 |
_a319 p. : _bill ; _c26 cm. |
||
| 500 | _aArticles originally published 1997-2009 in the New Yorker, the New York Times and Metropolis magazine. | ||
| 500 | _aIncludes index. | ||
| 505 | 0 | _aIntroduction -- Buildings that matter : Good vibrations ; High-tech bibliophilia ; Unconventional ; Seductive skins ; Spiraling upward ; Situation terminal ; Out of the blocks -- Places and people : Bringing back Havana ; Casino royale ; Forbidden cities ; Many mansions ; The Eames team ; House proud ; Eminent domain ; Toddlin' town -- New York : A helluva town ; Dior's new house ; Busy buildings ; High-tech emporiums ; Miami vice ; West Side fixer-upper ; Center stage ; The incredible hulk ; Triangulation ; Home ; Towers of Babble ; Gehry-rigged ; New York becomes like America ; A new beginning -- Present and past : Shanghai surprise ; Why Washington slept here ; Athens on the interstate ; A royal defeat ; Down at the mall ; Requiem -- Museums : The politics of building ; The people's Getty ; When in Rome ; Beaubourg grows up ; The supreme court ; Art houses ; A delicate balance ; Artistic license ; Outside the box ; Molto Piano ; Mile high ; Lenses on the lawn ; Bowery dreams ; Hello Columbus -- Ways of living : A touch of crass ; Part perfect ; Glass is the new white rock ; Some assembly required ; Homes of the stars ; Green monster ; Disconnected urbanism ; The sameness of things. | |
| 650 | 0 |
_aArchitecture. _94050 |
|
| 856 | 4 | 2 |
_3Contributor biographical information _uhttp://www.loc.gov/catdir/enhancements/fy1007/2009028451-b.html |
| 856 | 4 | 2 |
_3Publisher description _uhttp://www.loc.gov/catdir/enhancements/fy1007/2009028451-d.html |
| 856 | 4 | 2 |
_3Sample text _uhttp://www.loc.gov/catdir/enhancements/fy1007/2009028451-s.html |
| 942 |
_aSADA _cBK _k720 GOL 2009 _2ddc |
||
| 999 |
_c353126 _d353126 |
||